000
00292nam a22001337a 4500
008
170224b xxu||||| |||| 00| 0 eng d
020
_a
1556641753
041
_a
eng
080
_a
617
100
_a
5
101
_a
SHS
245
_a
COMPLICATION THORACIC SURGERY
_c
WOLFE.W.G
942
_2
udc
_c
BK
999
_c
6189
_d
6189